| 000 | 00653nam a2200217 a 4500 | ||
|---|---|---|---|
| 001 | 1577 | ||
| 003 | CDMR | ||
| 005 | 20131202153903.0 | ||
| 008 | 130130s1973||||||||||||||||||||||||||||d | ||
| 020 | _a013444745X | ||
| 040 |
_aCDMR _bcat _cCDMR |
||
| 245 | 1 | 0 |
_aHuman connection and the new media _cedited by Barry N. Schwartz |
| 260 |
_aNew Jersey _c1973 _bPrentice-Hall |
||
| 300 | _a179 p. | ||
| 490 | 0 | _aHuman Future | |
| 490 | 0 | _aSociology (Prentice-Hall) | |
| 650 | 0 | 4 |
_91243 _aComunicació _xInnovacions tecnològiques |
| 650 | 0 | 4 |
_93508 _aTecnologia de la informació _xAspectes socials |
| 700 | 1 |
_91182 _aSchwartz, Barry N. _eed. |
|
| 942 |
_cMON _2udc |
||
| 999 |
_c1577 _d1577 |
||